Quizzes
Events
Quiz Creation
Community
Videos
Private Events
Remove Ads
Sign In
Join for FREE
Feedback
Dark Mode
Quiz Categories
Sports
Geography
Music
Movies
Television
Just For Fun
Miscellaneous
History
Literature
Language
Science
Gaming
Entertainment
Religion
Holiday
For Kids
Quiz Lab
Recent
Popular Today
Quiz Kudos Today
Editor Picks
Curator Picks
Quizzes by...
Day
Popularity
Type
Ratings
Length
Year
Community
Subscriptions
Recent Discussions
Orange Saloon
Badges
Playlists
Quests
Create
Leaderboards
Showdown
Live 5
Trivia Bingo
Activity
Puzzle Library
Sporcle Events
Private Events
Virtual Trivia
Globe League
Become a Host
Pub Owners
SporcleCon
Opinionation
Our Games
Videos
Blog
Mobile Apps
Partnerships
Remove Ads and Go Orange
Feedback
Television
TV Characters
TV Show
Sitcom
Network
Friends
Reality Shows
Cast
South Park
Star Trek
The Simpsons
Doctor Who
Television
TV Characters
TV Show
Sitcom
Network
Friends
Reality Shows
Cast
South Park
Star Trek
The Simpsons
Doctor Who
Random Quiz
Search Sporcle
×
Quiz Lab
Quiz Lab
Television
house
Type in answers that appear in a list
Type in answers that appear in a list
Classic
Best Score? Go Orange.
House Characters (pics) Stats
Can you name the House characters?
By
enough
5m
20 Questions
1,093 Plays
1,093 Plays
1,093 Plays
Comments
Comments
Give Quiz Kudos
Give Quiz Kudos
-
- Ratings
hide this ad
Replay
Link that replays current quiz
Next Quiz
Link to next quiz in quiz playlist
You Got
0%
They Got
Avg Score
59%
Avg Friend Score
Upgrade to see
Score Distribution
Jump to the score distribution portion of the page
Score
0/20
Timer
05:00
0
Plays Today
% Correct
Column 1
Dr. Gregory House
99.5%
Column 5
Dr. Lisa Cuddy
95.3%
Column 3
Dr. Robert Chase
94.1%
Column 2
Dr. Remy 'Thirteen' Hadley
93.8%
Column 1
Dr. James Wilson
93.6%
Column 2
Dr. Eric Foreman
90.9%
Column 4
Dr. Allison Cameron
90.9%
Column 3
Dr. Chris Taub
81.1%
Column 5
Dr. Amber Volakis
78.4%
Column 4
Dr. Lawrence Kutner
76.3%
% Correct
Column 2
Stacy Warner
53.9%
Column 3
Michael Tritter
50.5%
Column 1
Lucas Douglas
44.3%
Column 4
Edward Vogler
42.2%
Column 5
Dr. Jeffrey 'Big Love' Cole
32.1%
Column 2
Sam Carr
25.5%
Column 3
Juan 'Alvie' Alvarez
19.9%
Column 1
Dr. Darryl Nolan
9.3%
Column 4
Nurse Brenda Previn
9.3%
Column 5
Dr. Travis Brennan
8.1%
Quiz Playlist
Details
Report
Send in Message
Add To Playlist
Classic:
Type in answers that appear in a list
Last Updated: Apr 6, 2018
Quiz Scoreboard
CHALLENGE
Sign Up to Join the Scoreboard
Show All
Scores
Hide
Comments
May contain spoilers
Recently Published
Movies - When Are They Set?
by FPL_Elf
Movies
5m
Popular People in 1961
by mucciniale
History
6m
1-10 Letter E Words III
by El_Dandy
Language
2m
More to Explore
Quiz From the Vault
Featured Blog Post
Where Did the Easter Bunny Come From?
hide this ad
You Might Also Like...
Tags
Character
house
Image Quiz
Today's Top Quizzes in Television
Browse Television
hide this ad
Today's Top Quizzes in house
Browse house
Top Contributed Quizzes in Television
1
One Piece Logic Puzzle
2
Survivor Logic Puzzle: Heroes vs. Villains
3
Survivor Seasons
4
Survivor Season by Logo
5
Survivor Trivia
6
One Thing in Common: Television
7
Who Wants to Be a Millionaire?
8
Survivor Logic Puzzle: Winners at War
9
Ultimate Survivor Logic Puzzle
10
Phoebe Buffay Quotes
Explore More
Trending Topics
Disney
NBA
Kpop
Crossword
Marvel
Anime
Harry Potter
Soccer
NFL
The Office
Puzzle
WWE
Country
Song
Pokémon
hide this ad
More By:
enough
Quiz
Plays
Rating
Category
Featured
Created
Blitz: Name A...
467,776
4.61
Miscellaneous
Sep 24, 2010
The Office: What Character?
411,897
4.28
Television
Mar 1, 2010
Game System by Controller
359,947
4.34
Gaming
Apr 8, 2010
Animated Movie by Characters
355,633
4.57
Movies
Feb 11, 2010
Blitz: Name A... II
335,572
4.50
Miscellaneous
Oct 12, 2010
Go to Creator's Profile
Score Distribution
Quiz Creator Spotlight
enough
Follow
Send a Message
Quizzes Created
-
Created Quiz Play Count
-
More By This Creator
Popular Quizzes Today
1
Find the Countries of Europe - No Outlines Minefield
2
Find the US States - No Outlines Minefield
3
The Countries of the World
4
Popular People in 1961
5
US States
6
1-10 Letter E Words III
7
Find the US States
8
One Thing in Common: World Cities II
More Television Quizzes
Avatar: The Last Airbender Bending and Special Skills
Quiz Lab
Trending Quizzes
Risky Map Clicking: Least Populous States A-Z
1-10 Letter F Words
1-10 Letter G Words
One Thing in Common: United Kingdom
Risky Map Clicking: Next State Alphabetically
Recently Updated
Leaping Animals
pecheneg
Reality TV Shows (A-Z)
bhenderson79
Rickey Henderson's Hall of Fame Teammates
pecheneg
Champions League XIs: Arsenal
pecheneg
Quick Pick: Celebrities in WWE's Hall of Fame
aduchscher
A-Z Keypad Blitz II
pecheneg
Multiple Oscar Actors
pecheneg
Mystery Phrase Blitz: Oscar 'Best Actors'
pecheneg
F. Scott Fitzgerald Novels
LTH
Pick 3 Villains
ddd62291
Trending Topics
Harry Potter
NBA
Marvel
Kpop
Anime
Disney
Crossword
Soccer
NFL
Country
Song
Pokémon
Puzzle
WWE
The Office
Your Account Isn't Verified!
In order to create a playlist on Sporcle, you need to verify the email address you used during registration. Go to your
Sporcle Settings
to finish the process.
Report this User
Report this user for behavior that violates our
Community Guidelines
.
Details:
Send Report
Go to the Sporcle.com Mobile Site →
Comments